Principles of quantum electrodynamics
Guardat en:
| Autor principal: | |
|---|---|
| Format: | Llibre |
| Idioma: | anglès |
| Publicat: |
Nueva York
Academic
1958
|
| Col·lecció: | Pure and applied physics, 3
|
| Matèries: | |
| Etiquetes: |
Afegir etiqueta
Sense etiquetes, Sigues el primer a etiquetar aquest registre!
|
MARC
| LEADER | 00000nam a2200000 a 4500 | ||
|---|---|---|---|
| 001 | UCT2360 | ||
| 003 | CL-VaPUC | ||
| 008 | 961011e19580000US |||||||||||||||||eng|d | ||
| 082 | 0 | 4 | |a 537.67 |b THI |2 21 |
| 100 | 0 | |a Thirring, Walter E |e author |9 371395 | |
| 245 | 1 | 0 | |a Principles of quantum electrodynamics |
| 300 | |a 234 p | ||
| 942 | |c BK | ||
| 945 | |d 19961011 00:00:00 |a paguirre | ||
| 260 | |a Nueva York |b Academic |c 1958 | ||
| 650 | 0 | |a Teoría cuántica |9 266148 | |
| 650 | 7 | |a ELECTRONICA CUANTICA |2 CL-VaPUC |9 263203 | |
| 650 | 7 | |a CAMPOS ELECTRICOS |2 CL-VaPUC |9 371396 | |
| 650 | 7 | |a TEORIA ATOMICA |2 CL-VaPUC |9 313933 | |
| 583 | |a last modification |c 19961011 00:00:00 |k Rodrigo Vera | ||
| 490 | 0 | |a Pure and applied physics, 3 | |
| 999 | |c 252492 |d 252490 | ||